Literatura, didáctica y humanidades digitales : aportaciones para la docencia y la investigación /

Detalles Bibliográficos
Autor principal: Asensio Jiménez, Nicolás (Autor)
Otros Autores: Mármol Ávila, Pedro (Editor)
Formato: Electrónico eBook
Lenguaje:español
Publicado: Madrid : Dykinson, S.L., [2023]
Materias:
Acceso en línea:Digitalia Hispánica

MARC

LEADER 00000nam a2200000 i 4500
001 DIGDYK3223
003 NyNyDIG
007 cr |||||||||||
008 240608s2023 sp a ob 000 0 spa d
006 m o d
035 |a (OCoLC)1418815831 
040 |a DGITA  |b eng  |e rda  |e pn  |c DGITA 
020 |a 9788411706353  |q electrónico 
020 |z 9788411704793 
024 7 |a 10.14679/2121  |2 doi 
050 1 4 |a PN68.2 ebook 
245 0 0 |a Literatura, didáctica y humanidades digitales :  |b aportaciones para la docencia y la investigación /  |c Pedro Mármol Ávila, editor ; Nicolás Asensio Jiménez [and 11 others]. 
264 1 |a Madrid :  |b Dykinson, S.L.,  |c [2023] 
300 |a 1 online resource :  |b illustrations. 
336 |a text  |b txt  |2 rdacontent 
337 |a computer  |b c  |2 rdamedia 
338 |a online resource  |b cr  |2 rdacarrier 
347 |a text file  |2 rdaft 
347 |b PDF 
504 |a Includes bibliographical references. 
588 0 |a Online resource; title from PDF title page (Digitalia, viewed June 8, 2024) 
650 0 |a Literature  |x Study and teaching. 
650 0 |a Digital humanities. 
700 1 |a Mármol Ávila, Pedro,  |e editor. 
700 1 |a Asensio Jiménez, Nicolás,  |e author. 
791 2 |a Digitalia (Firm),  |e distributor. 
793 0 |g Digitalia eBook Collection:  |a Dykinson Editorial 
776 0 8 |i Print version:  |t Literatura, didáctica y humanidades digitales.  |d Madrid : Dykinson, S.L., [2023]  |z 9788411704793 
856 4 0 |3 Digitalia Hispánica  |u https://www.digitaliapublishing.com/a/143858/ 
910 |a Premium collection: 2024